Animaux qui font le plus de bruit - Statistiques

Statistiques générales
  • Ce quiz a été pris 36 fois
  • Le résultat moyen est 2 sur 7
Statistiques - réponses
Hint Réponse % Correct
114 dB Lion
100%
132 dB Perroquet
23%
188 dB Baleine Bleue
16%
230 dB Cachalot
16%
218 dB Crevette pistolet
6%
117 dB Elephant d'Afrique
3%
140 dB Hurleur roux
0%
Aucun quiz correspondant
Distribution des résultats
% des personnes avec chaque résultat
Percentile par nombre de réponses
Votre historique - résultats
Vous n’avez pas pris ce quiz